00472nam a22001337a 450000500170000000800410001705000310005810000360008924501330012526000390025830000220029752100080031954600110032720140310183635.0131126b xxu||||| |||| 00| 0 eng d aKPM 2784.31997b.N277 2005 aCasasola, Eufrocina M. Sacdalan aNational Internal Revenue Code :bTax Reform Act of 1997 Republic Act 8424 Revenue regulations/cCasasola, Eufrocina M. Sacdalan aManila :b Rex Book Store, c2005. a707 p. :c22 cm.  aBSA aC12561